Personnage mystère #10 - Statistiques

Statistiques générales
  • Ce quiz a été pris 407 fois
  • Le résultat moyen est 4 sur 7
Statistiques - réponses
Lettres Indices % Correct
NAROGÇ Garçon
98%
RFERE Frère
92%
SHORE Héros
65%
KUWFA Wakfu
48%
GRANDO Dragon
29%
EPORTAILE Eliatrope
12%
Nom du personnage Yugo
11%
Aucun quiz correspondant
Distribution des résultats
% des personnes avec chaque résultat
Percentile par nombre de réponses
Votre historique - résultats
Vous n’avez pas pris ce quiz